| 000 | 00831nam a22002417a 4500 | ||
|---|---|---|---|
| 003 | DO-SdBNP | ||
| 005 | 20180209103355.0 | ||
| 007 | 0011743 | ||
| 008 | 161108b 1993 sp a|| 00| 0 spa d | ||
| 020 | _a9580422168 | ||
| 040 |
_aBPMSU _bspa _cBPMSU |
||
| 082 | 4 |
_axxxxxxx _bxxxxxxx |
|
| 100 | 1 | _aViza, Monserrat | |
| 245 | 1 |
_aViajo en avión / _cMonserrat Viza ; ilustraciones José Ma. Lavarello |
|
| 260 |
_aBarcelona : _bNorma, _c1993. |
||
| 300 |
_a30 p. : _bil., _c22 cm. |
||
| 490 | 1 | _aPrimera biblioteca de los niños | |
| 700 | 1 |
_aLavarello, José Ma., _eil. |
|
| 830 | 0 | _aPrimera biblioteca de los niños | |
| 942 |
_2ddc _cBK |
||
| 945 | _aInventariado, 2018 / BT | ||
| 956 |
_aBTAVÁREZ _b10 _d20161108 _fBPMSU _h0038 _c |
||
| 999 |
_c11837 _d11837 |
||